LEADER 05325nam 22004935 450 001 9910337492203321 005 20200702155452.0 010 $a3-319-96980-3 024 7 $a10.1007/978-3-319-96980-0 035 $a(CKB)4100000007003091 035 $a(MiAaPQ)EBC5552020 035 $a(DE-He213)978-3-319-96980-0 035 $a(PPN)231464371 035 $a(EXLCZ)994100000007003091 100 $a20181010d2019 u| 0 101 0 $aeng 135 $aurcnu|||||||| 181 $ctxt$2rdacontent 182 $cc$2rdamedia 183 $acr$2rdacarrier 200 10$aAbsolute Obstetric Anesthesia Review $eThe Complete Study Guide for Certification and Recertification /$fby Cassandra Wasson, Albert Kelly, David Ninan, Quy Tran 205 $a1st ed. 2019. 210 1$aCham :$cSpringer International Publishing :$cImprint: Springer,$d2019. 215 $a1 online resource (156 pages) 311 $a3-319-96979-X 327 $aSection I: Maternal Physiology -- Chapter 1: Effects of Pregnancy on Uptake and Distribution -- Chapter 2: Respiratory -- Chapter 3: Cardiovascular -- Chapter 4: Renal -- Chapter 5: Liver -- Chapter 6: Gastrointestinal -- Chapter 7: Hematology -- Chapter 8: Placental O2 Exchange -- Chapter 9: Placental CO2 Exchange -- Chapter 10: Placental Blood Flow -- Chapter 11: Barrier Function -- Section II: Maternal-Fetal Considerations -- Chapter 12: Pharmacology of Anesthetic Drugs -- Chapter 13: Pharmacology of Local Anesthetic Adjuvants -- Chapter 14: Pharmacology of Oxytocic Drugs -- Chapter 15: Mechanisms of Placental Transfer, Placental Transfer of Specific Drugs -- Chapter 16: Fetal Disposition of Drugs -- Chapter 17: Drug Effects on Newborn -- Chapter 18: Amniotic Fluid -- Chapter 19: Antepartum Fetal Assessment and Therapy -- Chapter 20: Systemic Medications: Opioids, Sedatives, Inhalational Agents -- Chapter 21: Epidural, Caudal, Spinal, Combined Spinal/Epidural -- Chapter 22: Paracervical Block, Lumbar Sympathetic Block, Pudendal Block -- Chapter 23: Complications of Labor Analgesia -- Chapter 24: Influence of Anesthetic Technique on Labor -- Chapter 25: Cesarean Delivery -- Section III: Pathophysiology of Complicated Pregnancy -- Chapter 26: Anesthesia for Cerclage -- Chapter 27: Anesthesia for Non-obstetric Surgery -- Chapter 28: Ectopic Pregnancy -- Chapter 29: Spontaneous Abortion -- Chapter 30: Gestational Trophoblastic Disease (Hydatid Mole) -- Chapter 31: Autoimmune Disorders -- Chapter 32: Diabetes Mellitus (DM) -- Chapter 33: Thyroid Disorders -- Chapter 34: Pheochromocytoma -- Chapter 35: Congenital Heart Disease -- Chapter 36: Valvular Disorders -- Chapter 37: Other Heart Disease -- Chapter 38: Anemia -- Chapter 39: Thrombocytopenic Coagulopathies -- Chapter 40: Other Hematologic Disorders -- Chapter 41: Hypertension (HTN) -- Chapter 42: Neurologic Disorders -- Chapter 43: Asthma -- Chapter 44: Other Respiratory Disorders -- Chapter 45: Renal Disorders -- Chapter 46: Human Immunodeficiency Virus (HIV) Infection -- Section IV: Problems of Term and Delivery -- Chapter 47: Intrapartum Fetal Assessment -- Chapter 48: Supine Hypotensive Syndrome -- Chapter 49: Embolic Disorders -- Chapter 50: Antepartum Hemorrhage -- Chapter 51: Postpartum Hemorrhage -- Chapter 52: Cord Prolapse -- Chapter 53: Dystocia, Malposition, and Malpresentation (Breech, Transverse Lie) -- Chapter 54: Maternal Cardiopulmonary Resuscitation -- Chapter 55: Fever and Infection -- Chapter 56: Preterm Labor -- Chapter 57: Vaginal Birth After Cesarean Section (VBAC) -- Chapter 58: Multiple Gestation -- Chapter 59: Resuscitation of Newborn -- Chapter 60: Intrauterine Surgery -- Appendix A ? Management of antithrombotic therapy for neuraxial and peripheral nerve procedure. 330 $aThis concise, easy to follow review of obstetric anesthesia follows the outline set forth by the American Board of Anesthesiology (ABA), making it an invaluable resource for in-service exam and board exams. The book is divided into four sections, beginning with maternal physiology, followed by maternal-fetal considerations, then pathophysiology of complicated pregnancy, and finally problems of term and delivery. Written at the fellow-level, it provides anesthesiology residents, obstetric anesthesiology fellows, and any anesthesiologist providing care to obstetric patients testable information for the boards, as well as practical tips for clinical practice. . 606 $aAnesthesiology 606 $aObstetrics 606 $aAnesthesiology$3https://scigraph.springernature.com/ontologies/product-market-codes/H13001 606 $aObstetrics/Perinatology/Midwifery$3https://scigraph.springernature.com/ontologies/product-market-codes/H26014 615 0$aAnesthesiology. 615 0$aObstetrics. 615 14$aAnesthesiology. 615 24$aObstetrics/Perinatology/Midwifery. 676 $a617.9682 700 $aWasson$b Cassandra$4aut$4http://id.loc.gov/vocabulary/relators/aut$01057823 702 $aKelly$b Albert$4aut$4http://id.loc.gov/vocabulary/relators/aut 702 $aNinan$b David$4aut$4http://id.loc.gov/vocabulary/relators/aut 702 $aTran$b Quy$4aut$4http://id.loc.gov/vocabulary/relators/aut 906 $aBOOK 912 $a9910337492203321 996 $aAbsolute Obstetric Anesthesia Review$92494799 997 $aUNINA